All Bruno Mars Songs - Statistics

General Stats
  • This quiz has been taken 4,667 times
    4,556 since last reset
  • The average score is 23 of 45
Answer Stats
Album Song % Correct
24K Magic 24K Magic
92%
Doo-Wops & Hooligans Grenade
88%
Doo-Wops & Hooligans The Lazy Song
78%
Unorthodox Jukebox When I Was Your Man
76%
Doo-Wops & Hooligans Just the Way You Are
74%
An Evening with Silk Sonic Leave the Door Open
74%
Unorthodox Jukebox Locked Out of Heaven
73%
24K Magic That's What I Like
73%
It's Better If You Don't Understand Talking to the Moon
72%
Doo-Wops & Hooligans Marry You
71%
Unorthodox Jukebox Treasure
68%
24K Magic Versace on the Floor
67%
24K Magic Finesse
65%
Unorthodox Jukebox Gorilla
61%
The Twilight Saga: Breaking Dawn - Part 1 (Original Motion Picture Soundtrack) It Will Rain
61%
It's Better If You Don't Understand Count On Me
60%
Doo-Wops & Hooligans Runaway Baby
58%
An Evening with Silk Sonic Smokin Out the Window
58%
An Evening with Silk Sonic Skate
56%
24K Magic Chunky
52%
24K Magic Perm
49%
Unorthodox Jukebox Natalie
47%
An Evening with Silk Sonic 777
45%
An Evening with Silk Sonic After Last Night
44%
Unorthodox Jukebox Young Girls
44%
Doo-Wops & Hooligans Liquor Store Blues
41%
Unorthodox Jukebox If I Knew
40%
Single Please Me
40%
24K Magic Too Good to Say Goodbye
40%
An Evening with Silk Sonic Fly as Me
39%
24K Magic Calling All My Lovelies
38%
Single #2 Love's Train
38%
Unorthodox Jukebox Moonshine
38%
An Evening with Silk Sonic Blast Off
37%
24K Magic Straight Up & Down
37%
An Evening with Silk Sonic Put on a Smile
36%
An Evening with Silk Sonic Silk Sonic Intro
36%
Unorthodox Jukebox Money Make Her Smile
35%
Doo-Wops & Hooligans Our First Time
35%
It's Better If You Don't Understand The Other Side
35%
Unorthodox Jukebox Show Me
34%
It's Better If You Don't Understand Somewhere in Brooklyn
32%
Evil Genius Wake Up in the Sky
32%
No. 6 Collaborations Project BLOW
24%
Unorthodox Jukebox Old & Crazy
9%
No matching quizzes found
Score Distribution
Percent of People with Each Score
Percentile by Number Answered
Your Score History
You have not taken this quiz since the last reset